000 01085cam a2200205 4500
001 ABS64601
008 011009n2001 000 0 eng u
035 _a(Sirsi) u115048
245 _aTowards global outsourcing: Leveraging value for an international portfolio
260 _c2001
490 _aJournal of Corporate Real Estate
_v3(4) September 2001, 346-355(10)
520 _aDiscusses global outsourcing. Looks at the compelling drivers towards an international approach to corporate real estate management, the benefits of leveraging value across borders, and key solutions to the apparent paradox of global consistency and cultural diversity. It draws on outsourcing research in other markets, pinpoints trends and directions and uses case study examples in order to propose a new holistic approach to strategic property management. [Taken from journal headnote].
590 _aABS
650 _aOUTSOURCING
650 _aGLOBALISATION
650 _aCULTURAL DIFFERENCES
650 _aCONSISTENCY
690 _aPROPERTY MANAGEMENT-CORPORATE REAL ESTATE
942 _n0
999 _c68525
_d68525